| 000 | 00362nam a2200133Ia 4500 | ||
|---|---|---|---|
| 008 | 240624s9999 xx 000 0 und d | ||
| 041 | _aeng | ||
| 082 | _a658.4092 GOF | ||
| 100 | _aGOFFEE ROB | ||
| 245 | _aWHY SHOULD ANYONE BE LED BY YOU WHAT IT | ||
| 260 |
_c2006 _aNew Delhi _bHarvard Business Review Press |
||
| 300 | _a244 : p. : cm. ; 23 | ||
| 365 |
_cRS _b38 |
||
| 999 |
_c28416 _d28416 |
||